| 000 | 00694nam a22002297a 4500 | ||
|---|---|---|---|
| 003 | DO-SdBNP | ||
| 005 | 20171124103427.0 | ||
| 008 | 171124b 1987 A ||||| |||| 00| 0 spa d | ||
| 020 | _a0746001045 | ||
| 040 |
_aBPMSU _bspa _cBPMSU |
||
| 092 |
_axxxx _bxxxx |
||
| 240 |
_aFinding out about Things that fly. _lEng |
||
| 245 | 1 | 0 |
_aThings that fly / _cby Kate Little ; illustrated by Peter Bull and Guy Smith. |
| 300 |
_a24 p. : _bil . ; _c21 cm. |
||
| 490 | 1 | _aUsborne explainers. | |
| 700 | 1 | 2 |
_aBull, Peter, _eil. |
| 700 | 1 | 2 |
_aSmith, Guy, _eil. |
| 830 | 0 | _a Usborne explainers. | |
| 942 |
_2ddc _cBK |
||
| 945 | _aInventario 2017 LP | ||
| 956 |
_aLOPEREZ _b10 _c20171124 _h0041 _iBPMSU |
||
| 999 |
_c13067 _d13067 |
||